000 00429nam a2200145Ia 4500
008 230917s9999||||xx |||||||||||||| ||und||
040 _e136016
_aMAIN
041 _aEnglish
082 _a030.954 I2I(1980)
100 _aIndia, Ministry of Information and Broadcasting
245 0 _aIndia 1980: A reference annual
260 _aNew Delhi
_bIndia, Ministry of Information & Broadcasting
_c1980
300 _a649 p.
942 _cBK
999 _c214187
_d214187